| 000 | 00499nam a2200169Ia 4500 | ||
|---|---|---|---|
| 003 | GCL | ||
| 008 | 140319s9999 xx 000 0 eng d | ||
| 040 |
_aGCL / _cGCL |
||
| 082 | 0 | 4 |
_a748.46 _bC P |
| 100 | 1 | _aCAROSELLI, SUSAN L. | |
| 245 | 1 | 0 |
_aTHE PAINTED ENAMELS OF LIMOGES / _cCAROSELLI, SUSAN L. |
| 700 | 1 | _aLOS ANGELES COUNTY MUSUM OF ART | |
| 260 |
_a[S.N] : _bLOS ANGELES COUNTY MUSEUM OF ART ، _c1993 |
||
| 300 | _a216 P | ||
| 650 | 0 | 4 | _aLOS ANGELES COUNTY MUSEUM OF ART |
| 942 |
_2ddc _cBK |
||
| 999 |
_c12728 _d12728 |
||